湖南省城市 - Statistics

General Stats
  • This quiz has been taken 33 times
  • The average score is 12 of 14
Answers on the Grid
Answers color-coded by a green-red scale on the quiz's grid according to % correct below.
长沙
株洲
湘潭
衡阳
邵阳
岳阳
常德
张家界
益阳
郴州
永州
怀化
娄底
湘西
韶关
百色
来宾
孝感
和田
龙岩
九江
黄石
平顶山
鹰潭
赤峰
雅安
玉树
林芝
 
Answer Stats
Answer % Correct
长沙
94%
邵阳
94%
张家界
94%
益阳
94%
娄底
94%
株洲
88%
湘潭
88%
衡阳
88%
常德
88%
郴州
88%
怀化
88%
岳阳
81%
湘西
81%
永州
75%
No matching quizzes found
Score Distribution
Percent of People with Each Score
Percentile by Number Answered
Your Score History
You have not taken this quiz